[Event "CRo-ch U17/19 Girls"]
[Site "Split"]
[Date "2022.07.30"]
[Round "8"]
[White "Begic, Klara"]
[Black "Bevanda, Ema"]
[Result "1/2-1/2"]
[WhiteElo "1725"]
[BlackElo "1844"]
[PlyCount "58"]
[EventDate "2022.07.25"]
[EventType "swiss"]
[EventRounds "9"]
[EventCountry "CRO"]
[SourceTitle "EXT 2023"]
[Source "ChessBase"]
[SourceDate "2022.10.05"]
[SourceVersion "1"]
[SourceVersionDate "2022.10.05"]
[SourceQuality "1"]

1. d4 e6 2. c4 d5 3. Nc3 Nf6 4. Bf4 c6 5. a3 a5 6. c5 Be7 7. e3 Nbd7 8. b4 b6 9. Bd3 Ba6 10. Bxa6 Rxa6 11. Qd3 b5 12. Ra2 Qa8 13. Qc2 axb4 14. axb4 Rxa2 15. Qxa2 Qxa2 16. Nxa2 0-0 17. Ne2 Ra8 18. Nec1 Ne8 19. Kd2 Bf6 20. Kc3 e5 21. dxe5 Nxe5 22. Bxe5 Bxe5+ 23. Kb3 Nf6 24. Nd3 Bc7 25. f3 Re8 26. Re1 Bxh2 27. Kc3 Bc7 28. Nac1 Ra8 29. Nb3 h6 1/2-1/2

[Event "CRo-ch U17/19 Girls"]
[Site "Split"]
[Date "2022.07.27"]
[Round "4"]
[White "Bevanda, Ema"]
[Black "Mihaljevic, Eva"]
[Result "1/2-1/2"]
[WhiteElo "1844"]
[BlackElo "1834"]
[PlyCount "104"]
[EventDate "2022.07.25"]
[EventType "swiss"]
[EventRounds "9"]
[EventCountry "CRO"]
[SourceTitle "EXT 2023"]
[Source "ChessBase"]
[SourceDate "2022.10.05"]
[SourceVersion "1"]
[SourceVersionDate "2022.10.05"]
[SourceQuality "1"]

1. c4 e6 2. Nc3 Nf6 3. Nf3 d5 4. d4 c6 5. e3 Be7 6. Be2 Nbd7 7. 0-0 0-0 8. a3 a5 9. b3 Re8 10. Bb2 Bd6 11. Qc2 Qe7 12. e4 dxe4 13. Nxe4 Nxe4 14. Qxe4 e5 15. dxe5 Nxe5 16. Qc2 Nxf3+ 17. Bxf3 Qg5 18. Qc3 Bf8 19. Rfe1 Rxe1+ 20. Rxe1 Be6 21. Re5 Qf6 22. Qc2 Qg6 23. Be4 f5 24. Bxf5 Bxf5 25. Qxf5 Qxf5 26. Rxf5 Rd8 27. Kf1 Rd1+ 28. Ke2 Rb1 29. Bc3 Rxb3 30. Bxa5 Bxa3 31. Kd2 Be7 32. Kc2 Ra3 33. Bc3 Ra8 34. Kb3 Ra3+ 35. Kb2 Ra8 36. Kc2 Rf8 37. Rxf8+ Bxf8 38. Kb3 Bd6 39. h3 Kf7 40. Bd4 g6 41. Kc3 Ke6 42. Kd3 b5 43. cxb5 cxb5 44. Ke4 Be7 45. Bc3 Bc5 46. f3 b4 47. Bb2 Be7 48. Kd3 Kd5 49. Ba1 Bd6 50. Bb2 Bg3 51. Bc1 Be1 52. Bb2 Bg3 1/2-1/2

[Event "CRo-ch U17/19 Girls"]
[Site "Split"]
[Date "2022.07.25"]
[Round "1"]
[White "Bevanda, Ema"]
[Black "Ascic, Mihaela"]
[Result "1-0"]
[WhiteElo "1844"]
[BlackElo "1236"]
[PlyCount "79"]
[EventDate "2022.07.25"]
[EventType "swiss"]
[EventRounds "9"]
[EventCountry "CRO"]
[SourceTitle "EXT 2023"]
[Source "ChessBase"]
[SourceDate "2022.10.05"]
[SourceVersion "1"]
[SourceVersionDate "2022.10.05"]
[SourceQuality "1"]

1. d4 d5 2. Bf4 Nf6 3. Nf3 c6 4. c3 Bg4 5. Nbd2 Nbd7 6. Qb3 Qb6 7. h3 Bxf3 8. Nxf3 Qxb3 9. axb3 e6 10. e3 Ne4 11. Bd3 Bd6 12. Bxd6 Nxd6 13. c4 a6 14. c5 Nc8 15. b4 Na7 16. 0-0 0-0 17. Nd2 Nb5 18. Nb3 Rfb8 19. Rfc1 h6 20. Ra2 Nf6 21. Bxb5 axb5 22. Rca1 Rxa2 23. Rxa2 Kf8 24. Ra7 b6 25. Rc7 bxc5 26. dxc5 Ne8 27. Rxc6 Rb7 28. Na5 Ra7 29. Rb6 Nc7 30. Rb8+ Ne8 31. Rxb5 Rc7 32. c6 Ke7 33. Rc5 Kd6 34. Nb7+ Ke7 35. b5 Nd6 36. b6 Rc8 37. Nxd6 Kxd6 38. b7 Re8 39. c7 Kxc5 40. c8Q+ 1-0

[Event "CRO-chT U16 Girls"]
[Site "Djurdjevac"]
[Date "2021.12.19"]
[Round "4.1"]
[White "Zvonar, Katarina"]
[Black "Bevanda, Ema"]
[Result "0-1"]
[WhiteElo "1152"]
[BlackElo "1778"]
[PlyCount "86"]
[EventDate "2021.12.18"]
[EventType "team-tourn"]
[EventRounds "5"]
[EventCountry "CRO"]
[SourceTitle "EXT 2023"]
[Source "ChessBase"]
[SourceDate "2022.10.05"]
[SourceVersion "1"]
[SourceVersionDate "2022.10.05"]
[SourceQuality "1"]
[WhiteTeam "Sveti Ivan Zabno (W)"]
[BlackTeam "Djurdjevac Picok (W)"]
[WhiteTeamCountry "CRO"]
[BlackTeamCountry "CRO"]

1. d4 e6 2. Nf3 d5 3. Bf4 Nf6 4. e3 Be7 5. h3 c6 6. c4 Nbd7 7. Nc3 Qa5 8. a3 Ne4 9. Rc1 Ndf6 10. Be2 Nxc3 11. bxc3 Bxa3 12. Rc2 Ne4 13. Qd3 Bd6 14. Bxd6 Nxd6 15. cxd5 exd5 16. Qd1 Ne4 17. Qc1 Bf5 18. 0-0 Nd6 19. Rb2 0-0 20. Ne5 Qd8 21. c4 dxc4 22. Nxc4 Nxc4 23. Bxc4 Qg5 24. g4 Rad8 25. Be2 Bc8 26. Rc2 Rd6 27. Rc5 Qf6 28. Qc2 Re8 29. Ra1 b6 30. Rc3 Qh6 31. Kg2 a5 32. Bf3 Bd7 33. Qb2 Qf6 34. Qxb6 h5 35. Qxa5 hxg4 36. Bxg4 Qg6 37. Kf1 Bxg4 38. hxg4 Qxg4 39. Qa3 Rh6 40. Ke1 Qxd4 41. Qc5 Rh1+ 42. Ke2 Qxc5 43. Rxc5 Rxa1 0-1

[Event "CRO-chT U16 Girls"]
[Site "Djurdjevac"]
[Date "2021.12.18"]
[Round "1.2"]
[White "Dzoic, Dora"]
[Black "Bevanda, Ema"]
[Result "0-1"]
[WhiteElo "1208"]
[BlackElo "1778"]
[PlyCount "50"]
[EventDate "2021.12.18"]
[EventType "team-tourn"]
[EventRounds "5"]
[EventCountry "CRO"]
[SourceTitle "EXT 2023"]
[Source "ChessBase"]
[SourceDate "2022.10.05"]
[SourceVersion "1"]
[SourceVersionDate "2022.10.05"]
[SourceQuality "1"]
[WhiteTeam "Zupanja Nexus (W)"]
[BlackTeam "Djurdjevac Picok (W)"]
[WhiteTeamCountry "CRO"]
[BlackTeamCountry "CRO"]

1. e4 e6 2. Nf3 d5 3. e5 c5 4. c3 Nc6 5. Bb5 Qb6 6. Bxc6+ bxc6 7. d4 Ba6 8. b3 cxd4 9. Nxd4 Ne7 10. Be3 c5 11. Nf3 Nf5 12. Bf4 Rd8 13. Nbd2 Qc6 14. Qc2 d4 15. c4 Bb7 16. 0-0 Be7 17. Qd3 h5 18. Rfe1 g5 19. Bg3 h4 20. Ne4 hxg3 21. fxg3 Ne3 22. Nf2 g4 23. Nd1 gxf3 24. gxf3 Qxf3 25. Qd2 Qh1+ 0-1

[Event "CRO-ch U15 Girls"]
[Site "Trogir"]
[Date "2020.08.27"]
[Round "6"]
[White "Bevanda, Ema"]
[Black "Mihaljevic, Eva"]
[Result "1-0"]
[WhiteElo "1550"]
[BlackElo "1223"]
[PlyCount "93"]
[EventDate "2020.08.24"]
[EventType "swiss"]
[EventRounds "9"]
[EventCountry "CRO"]
[SourceTitle "CBM 198 Extra"]
[Source "ChessBase"]
[SourceDate "2020.11.30"]
[SourceVersion "1"]
[SourceVersionDate "2020.11.30"]
[SourceQuality "1"]

1. d4 e6 2. Bf4 f5 3. Nf3 Nf6 4. e3 Be7 5. h3 b6 6. Nbd2 Bb7 7. Bc4 0-0 8. c3 d5 9. Be2 c5 10. 0-0 Ne4 11. Ne5 Nc6 12. Ndf3 Rc8 13. Nxc6 Rxc6 14. Qa4 Rc8 15. Ne5 a6 16. Qd7 Qxd7 17. Nxd7 Rfe8 18. Nxb6 Rc6 19. Na4 c4 20. f3 Nf6 21. b3 cxb3 22. axb3 Nd7 23. c4 dxc4 24. bxc4 Bd6 25. Bxd6 Rxd6 26. Rfb1 Ba8 27. c5 Rc6 28. Nb6 Nxb6 29. Rxb6 Rxb6 30. cxb6 Rb8 31. Rxa6 Bb7 32. Ra2 Bc8 33. Rb2 Bb7 34. Kf2 Kf7 35. f4 Ke7 36. Bf3 Kd6 37. Bxb7 Rxb7 38. Kf3 h6 39. e4 g6 40. g4 Ke7 41. exf5 exf5 42. gxf5 gxf5 43. Ke3 Kd6 44. Kd3 Kd5 45. Rb5+ Ke6 46. d5+ Kd6 47. Kd4 1-0

[Event "CRO-ch U15 Girls"]
[Site "Trogir"]
[Date "2020.08.26"]
[Round "5"]
[White "Arnold, Dora"]
[Black "Bevanda, Ema"]
[Result "0-1"]
[WhiteElo "1595"]
[BlackElo "1550"]
[PlyCount "64"]
[EventDate "2020.08.24"]
[EventType "swiss"]
[EventRounds "9"]
[EventCountry "CRO"]
[SourceTitle "CBM 198 Extra"]
[Source "ChessBase"]
[SourceDate "2020.11.30"]
[SourceVersion "1"]
[SourceVersionDate "2020.11.30"]
[SourceQuality "1"]

1. e4 e6 2. d4 d5 3. Nd2 c5 4. c3 cxd4 5. cxd4 dxe4 6. Nxe4 Nf6 7. Nxf6+ Qxf6 8. Nf3 Nc6 9. a3 a6 10. Be2 Bd6 11. 0-0 0-0 12. Bd3 h6 13. Be3 e5 14. Rb1 exd4 15. Nxd4 Ne5 16. Be2 b5 17. Bf3 Rb8 18. Be4 Ng4 19. Nf3 Nxe3 20. fxe3 Qe7 21. Qd3 Be6 22. Nd2 Rfd8 23. Qe2 Qh4 24. g3 Qg5 25. Bg2 Bc5 26. Nf3 Qxe3+ 27. Qxe3 Bxe3+ 28. Kh1 Rbc8 29. Ne1 Rc7 30. Rf3 Bb6 31. Rd3 Rxd3 32. Nxd3 Bf5 0-1

[Event "CRO-chT U18 Girls"]
[Site "Cakovec"]
[Date "2019.12.27"]
[Round "1.2"]
[White "Bevanda, Ema"]
[Black "Savic, Anja"]
[Result "1-0"]
[WhiteElo "1570"]
[BlackElo "1783"]
[PlyCount "55"]
[EventDate "2019.12.27"]
[EventType "team-tourn"]
[EventRounds "5"]
[EventCountry "CRO"]
[SourceTitle "CBM 194 Extra"]
[Source "ChessBase"]
[SourceDate "2020.03.31"]
[SourceVersion "1"]
[SourceVersionDate "2020.03.31"]
[SourceQuality "1"]

1. d4 d5 2. Bf4 Bf5 3. e3 Nf6 4. Nf3 Nbd7 5. c4 c6 6. Nc3 e6 7. Qb3 Qb6 8. c5 Qxb3 9. axb3 Be7 10. b4 0-0 11. h3 b6 12. Ba6 b5 13. Bb7 Rad8 14. Bxc6 a6 15. Rxa6 Bd3 16. Bxb5 Bxb5 17. Nxb5 Nb8 18. Rb6 Nfd7 19. Rb7 Nc6 20. Na7 Nxa7 21. Rxa7 Rfe8 22. 0-0 Nb8 23. b5 f6 24. Rfa1 e5 25. Bg3 Rd7 26. Rxd7 Nxd7 27. Ra7 exd4 28. Rxd7 1-0

[Event "Wch U14 Girls"]
[Site "Mumbai"]
[Date "2019.10.03"]
[Round "2"]
[White "Bevanda, Ema"]
[Black "Poliakova, Varvara"]
[Result "0-1"]
[WhiteElo "1710"]
[BlackElo "2042"]
[PlyCount "57"]
[EventDate "2019.10.02"]
[EventType "swiss"]
[EventRounds "11"]
[EventCountry "IND"]
[SourceTitle "EXT 2020"]
[Source "ChessBase"]
[SourceDate "2019.10.17"]
[SourceVersion "1"]
[SourceVersionDate "2019.10.17"]
[SourceQuality "1"]

1. d4 d6 2. Bf4 f5 3. e3 Nf6 4. Nf3 g6 5. Nbd2 Bg7 6. c3 Nc6 7. Be2 0-0 8. Qb3+ e6 9. 0-0 Kh8 10. Rad1 Qe7 11. Nc4 Ne4 12. h3 e5 13. dxe5 dxe5 14. Bh2 Rb8 15. Qc2 Bf6 16. Bd3 Nc5 17. Be2 a6 18. Ncd2 Be6 19. b4 Nd7 20. Bc4 Nb6 21. Bxe6 Qxe6 22. Nb3 Be7 23. Bg3 h6 24. Ne1 f4 25. exf4 exf4 26. Bh2 Bd6 27. Nf3 Rbe8 28. Nbd4 Nxd4 29. Nxd4 0-1

[Event "CRO-ch U17/U19"]
[Site "Vinkovci"]
[Date "2019.07.23"]
[Round "3"]
[White "Zuteg, Dorotea"]
[Black "Bevanda, Ema"]
[Result "1-0"]
[WhiteElo "1688"]
[BlackElo "1726"]
[PlyCount "63"]
[EventDate "2019.07.22"]
[EventType "swiss"]
[EventRounds "9"]
[EventCountry "CRO"]
[SourceTitle "EXT 2020"]
[Source "ChessBase"]
[SourceDate "2019.10.17"]
[SourceVersion "1"]
[SourceVersionDate "2019.10.17"]
[SourceQuality "1"]

1. c4 e6 2. e4 c6 3. Nc3 d5 4. cxd5 exd5 5. exd5 cxd5 6. d4 Nf6 7. Nf3 Be7 8. Bf4 a6 9. h3 0-0 10. Bd3 Nc6 11. 0-0 h6 12. Re1 Bd6 13. Be5 Be6 14. a3 Bxe5 15. dxe5 Nd7 16. Bc2 Ne7 17. Nd4 Qc7 18. Qd3 g6 19. Qg3 Kh7 20. h4 Qb6 21. Nxe6 Qxe6 22. Rad1 Rad8 23. h5 Nb6 24. b3 Rc8 25. Bb1 Rc6 26. Ne2 Qc8 27. Nd4 Rc3 28. Qh4 Qc7 29. Qf6 Kg8 30. e6 fxe6 31. Qxe6+ Rf7 32. hxg6 1-0

[Event "CRO-ch U15 Girls"]
[Site "Trogir"]
[Date "2019.06.19"]
[Round "4"]
[White "Bevanda, Ema"]
[Black "Koksa, Jelena"]
[Result "1/2-1/2"]
[WhiteElo "1775"]
[BlackElo "1757"]
[PlyCount "148"]
[EventDate "2019.06.17"]
[EventType "swiss"]
[EventRounds "9"]
[EventCountry "CRO"]
[SourceTitle "EXT 2020"]
[Source "ChessBase"]
[SourceDate "2019.10.17"]
[SourceVersion "1"]
[SourceVersionDate "2019.10.17"]
[SourceQuality "1"]

1. d4 d5 2. Bf4 Nf6 3. e3 e6 4. Nf3 Bd6 5. Bg3 c5 6. c3 Qc7 7. Nbd2 Nbd7 8. Bd3 b6 9. Qe2 Bb7 10. 0-0 Bxg3 11. hxg3 Ne4 12. Bc2 0-0 13. Nxe4 dxe4 14. Ng5 Nf6 15. Nh3 a5 16. Rfd1 a4 17. Rd2 c4 18. a3 h6 19. Nf4 Nd5 20. Nxd5 exd5 21. Kh2 g5 22. Rh1 Kg7 23. Kg1 b5 24. f4 Rh8 25. Qh5 f6 26. Rf2 Qf7 27. Bd1 Qxh5 28. Bxh5 Bc8 29. Kh2 f5 30. g4 fxg4 31. Kg3 Rf8 32. fxg5 Rxf2 33. gxh6+ Kh7 34. Kxf2 Be6 35. Kg3 Rf8 36. Rh4 Rf1 37. Bg6+ Kh8 38. Rh5 Rf6 39. Be8 Rf8 40. Bxb5 Rb8 41. Bxa4 Rxb2 42. Rh1 Ra2 43. Rc1 Rxa3 44. Bd1 Ra2 45. Rc2 Ra8 46. Kf4 Rf8+ 47. Ke5 Bd7 48. Kxd5 g3 49. Kxe4 Bf5+ 50. Kd5 Bd3 51. Ra2 Rf2 52. Ra8+ Kh7 53. Bf3 Bf1 54. Be4+ Kxh6 55. Rg8 Bxg2 56. Rxg3 Rf5+ 57. Kxc4 Bxe4 58. Rg4 Bf3 59. Rh4+ Kg5 60. Rh2 Be4 61. Rd2 Kf6 62. Kb4 Ke6 63. c4 Rf3 64. Re2 Kd6 65. Kb5 Bd3 66. Re1 Rf5+ 67. Kb4 Be4 68. Ra1 Kc6 69. Ra3 Rf8 70. Ra5 Re8 71. Re5 Rxe5 72. dxe5 Bf5 73. c5 Kd5 74. Kb5 Kxe5 1/2-1/2

[Event "CRO-ch U15 Girls"]
[Site "Trogir"]
[Date "2019.06.17"]
[Round "1"]
[White "Ascic, Mihaela"]
[Black "Bevanda, Ema"]
[Result "0-1"]
[WhiteElo "1255"]
[BlackElo "1775"]
[PlyCount "58"]
[EventDate "2019.06.17"]
[EventType "swiss"]
[EventRounds "9"]
[EventCountry "CRO"]
[SourceTitle "EXT 2020"]
[Source "ChessBase"]
[SourceDate "2019.10.17"]
[SourceVersion "1"]
[SourceVersionDate "2019.10.17"]
[SourceQuality "1"]

1. e4 e6 2. Nf3 d5 3. exd5 exd5 4. d4 Nf6 5. Be3 Bd6 6. Be2 Bf5 7. c3 c6 8. Bd3 Ne4 9. Nbd2 Nxf2 10. Kxf2 Bxd3 11. Nf1 Bg6 12. Qd2 h6 13. Bf4 0-0 14. Re1 Bxf4 15. Qxf4 Nd7 16. g3 Nf6 17. N1d2 Bh7 18. Rhf1 g5 19. Qg4 Nxg4+ 20. Kg2 Bd3 21. Rg1 f5 22. Ne5 Nxe5 23. Rxe5 Be4+ 24. Nf3 Bxf3+ 25. Kxf3 g4+ 26. Kg2 f4 27. gxf4 Rxf4 28. Rf1 Rxf1 29. Kxf1 Qf6+ 0-1